| 000 | 00616nam a2200205Ia 4500 | ||
|---|---|---|---|
| 003 | GCL | ||
| 008 | 140319s9999 xx 000 0 ara d | ||
| 040 |
_aGCL / _cGCL |
||
| 082 | 0 | 4 |
_a320.531 _bع ر |
| 100 | 1 | _aعصمت سيف الدولة | |
| 245 | 1 | 0 |
_aرأسماليون وطنيون ورأسمالية خائنة / _cعصمت سيف الدولة |
| 300 | _a95 ص | ||
| 490 | _a | ||
| 650 | 0 | 4 | _aالرأسمالية |
| 650 | 0 | 4 | _aالاشتراكية |
| 650 | 0 | 4 | _aالنظم السياسية |
| 650 | 0 | 4 | _aالاقتصاد السياسى |
| 650 | 0 | 4 | _aالاقتصاد - نظريات |
| 942 |
_2ddc _cBK |
||
| 999 |
_c46294 _d46294 |
||